| 000 | 00751nam a2200229Ii 4500 | ||
|---|---|---|---|
| 003 | JO-AjNU | ||
| 008 | 230605s9999||||xx |||||||||||||| ||und|| | ||
| 017 | _a2010/22036 | ||
| 020 | _a977-5433-59-2 | ||
| 040 |
_aJO-AjNU _bara _erda _cJO-AjNU |
||
| 041 | _aara | ||
| 050 | 1 | 4 | _aP90.A35 2010 |
| 100 | 3 |
_aماهر , أحمد تأليف, _eauthor _932657 |
|
| 245 | 0 | 0 | _aكيف ترفع مهاراتك الإدارية في الاتصال |
| 250 | _aط3 | ||
| 264 | 3 | 1 | _aالإسكندرية:الدار الجامعية,2010 |
| 300 | _a487ص | ||
| 336 |
_atext _btxt _2rdacontent |
||
| 337 |
_aunmediated _bn _2rdamedia |
||
| 338 |
_avolume _bnc _2rdacarrier |
||
| 650 | 4 |
_aالاتصال-مهارات الادارية في الاتصال _932658 |
|
| 999 |
_aA13210 _c16778 _d16778 |
||